000 00214 a2200109 4500
020 _a9788427209718
041 _aspa
100 _aRussell, Rachel Renee
245 _aDiario de Nicki 9
942 _cBK
952 _74
999 _c25272
_d25272